[Event "XIII Open"]
[Site "Malaga ESP"]
[Date "2010.02.21"]
[Round "3"]
[White "Navia Martin,S"]
[Black "Fernandez Garcia,JoseM"]
[Result "1/2-1/2"]
[WhiteElo "1953"]
[BlackElo "2225"]

1.d4 Nf6 2.c4 e6 3.g3 d5 4.Bg2 Be7 5.Nf3 O-O 6.Qc2 dxc4 7.O-O a6 8.Qxc4 b5
9.Qc2 Bb7 10.Bg5 Be4 11.Qc1 Nbd7 12.Nc3 Bb7 13.Rd1 Qc8 14.a3 c5 15.dxc5 Bxc5
16.b4 Be7 17.Be3 Ng4 18.Bg5 Bxg5 19.Qxg5 Qxc3 20.Qxg4 Nf6 21.Qd4 Rac8 22.Rd3 Qc7
23.Rad1 Be4 24.R3d2 Qc3 25.Ra1 h6 26.Ne5 Bxg2 27.Kxg2 Qxd4 28.Rxd4 Rc3 29.Nd7 Nxd7
30.Rxd7 Rfc8 31.Ra7 R8c6 32.Rd1 e5 33.Rd3 Rxd3 34.exd3 Rd6  1/2-1/2

[Event "2nd MGU Open"]
[Site "Sofia BUL"]
[Date "2010.02.21"]
[Round "4"]
[White "Tsekov,S"]
[Black "Filev,G"]
[Result "1/2-1/2"]
[WhiteElo "2227"]
[BlackElo "2389"]

1.d4 Nf6 2.c4 e6 3.g3 d5 4.Nf3 Be7 5.Bg2 O-O 6.O-O dxc4 7.Qc2 Bd7 8.Ne5 Bc6
9.Nxc6 Nxc6 10.e3 Na5 11.Nd2 c5 12.dxc5 Rc8 13.b4 cxb3 14.Nxb3 Nxb3 15.Qxb3 Nd7
16.Ba3 Nxc5 17.Bxc5  1/2-1/2

[Event "Gotth' Art Cup GM"]
[Site "Szentgotthard HUN"]
[Date "2010.02.23"]
[Round "2"]
[White "Prohaszka,P2"]
[Black "Neubauer,M"]
[Result "1-0"]
[WhiteElo "2501"]
[BlackElo "2465"]

1.d4 e6 2.c4 Nf6 3.Nf3 d5 4.g3 Be7 5.Bg2 O-O 6.O-O dxc4 7.Qc2 a6 8.a4 Bd7
9.Qxc4 Bc6 10.Bf4 a5 11.Nc3 Na6 12.Ne5 Bxg2 13.Kxg2 Nd5 14.Rad1 Nxf4+ 15.gxf4 Nb4
16.e3 Bd6 17.Kh1 Qh4 18.Qe2 Nd5 19.Rg1 Nxc3 20.bxc3 Bxe5 21.Rg4 Qe7 22.fxe5 f6
23.exf6 Rxf6 24.Rdg1 Rf7 25.f4 Qd7 26.Qg2 Ra7 27.Rg5 c6 28.Qb2 h6 29.Rh5 Kh8
30.Qg2 Rf6 31.c4 b6 32.c5 Rb7 33.cxb6 Rxb6 34.Rxa5 Qb7 35.Ra8+ Kh7 36.Rb8  1-0

[Event "GMA"]
[Site "Nancy FRA"]
[Date "2010.02.24"]
[Round "4"]
[White "Pelletier,Y"]
[Black "Wirig,A"]
[Result "1-0"]
[WhiteElo "2602"]
[BlackElo "2497"]

1.Nf3 Nf6 2.c4 e6 3.g3 d5 4.d4 Be7 5.Bg2 O-O 6.O-O dxc4 7.Qc2 a6 8.a4 Bd7
9.Qxc4 Bc6 10.Bf4 a5 11.Nc3 Na6 12.Ne5 Bxg2 13.Kxg2 Nd5 14.Rad1 c6 15.Bc1 Nac7
16.e4 Nb4 17.Qe2 f6 18.Nc4 f5 19.Bf4 fxe4 20.Bxc7 Qxc7 21.Qxe4 Rf6 22.Qe5 Qd8
23.Kg1 Nd5 24.Ne4 Rg6 25.Nc5 Bxc5 26.dxc5 Qh4 27.Rd4 Qh3 28.f3 Rf8 29.Rf2 Rf5
30.Qe1 Qh5 31.f4 Qh3 32.Re4 Rxg3+ 33.hxg3 Qxg3+  1-0

[Event "Reykjavik Open"]
[Site "Reykjavik ISL"]
[Date "2010.02.24"]
[Round "1"]
[White "Gardarsson,Ho"]
[Black "Kjartansson,G"]
[Result "0-1"]
[WhiteElo "1888"]
[BlackElo "2391"]

1.d4 Nf6 2.c4 e6 3.g3 d5 4.Nf3 Be7 5.Bg2 O-O 6.O-O dxc4 7.Qc2 a6 8.a4 Bd7
9.Qxc4 Bc6 10.Ne5 Bxg2 11.Kxg2 Nbd7 12.Nc3 Nb6 13.Qd3 Nbd5 14.Rd1 Nb4 15.Qb1 c6
16.Bg5 h6 17.Bxf6 Bxf6 18.Ne4 Qd5 19.Nf3 Be7 20.Nc3 Qh5 21.Qe4 Rad8 22.a5 Qf5
23.Qxf5 exf5 24.e3 Nd5 25.Ra4 Rd6 26.Ne5 Rfd8 27.Nd3 R6d7 28.Ne5 Rc7 29.Raa1 f6
30.Nf3 Kf7 31.Ne1 Nb4 32.Na4 Rd5 33.Nc3 Rd8 34.Na4 Ke6 35.Nb6 Nd5 36.Nc4 c5
37.b3 Nc3 38.Rd3 cxd4 39.exd4 Nb5 40.Rad1 Nd6 41.Nb6 Bf8 42.f3 Kf7 43.Nd5 Rc6
44.Nb6 h5 45.Nd5 Nc8 46.Ne3 g6 47.Nc4 Nd6 48.Nb6 Bh6 49.f4 Bf8 50.Nf3 Ne4
51.Nc4 Rd5 52.Ra1 Rc7 53.Nfd2 Nc5 54.Nb6 Nxd3 55.Nxd5 Rc2 56.Rd1 Ra2 57.Kf1 Nb4
58.Nxb4 Bxb4 59.Nc4 Rxh2 60.d5 Ke7 61.Kg1 Rc2 62.d6+ Kd7 63.Rd3 Rc3 64.Nb6+ Kc6
65.Rxc3+ Bxc3 66.d7 Bd4+ 67.Kf1 Bxb6 68.axb6 Kxd7  0-1

[Event "Reykjavik Open"]
[Site "Reykjavik ISL"]
[Date "2010.02.24"]
[Round "1"]
[White "Halldorsson,G"]
[Black "Kuzubov,Y"]
[Result "0-1"]
[WhiteElo "2197"]
[BlackElo "2634"]

1.Nf3 Nf6 2.c4 e6 3.g3 d5 4.Bg2 Be7 5.d4 O-O 6.O-O c6 7.Nbd2 b6 8.Qc2 Bb7
9.e4 Nbd7 10.e5 Ne8 11.cxd5 cxd5 12.Re1 Rc8 13.Qa4 Nc7 14.Bf1 a5 15.Bd3 Ba6
16.Bb1 f5 17.exf6 Rxf6 18.Qc2 g6 19.Qd1 Qf8 20.Re3 Ne8 21.Bd3 Bxd3 22.Rxd3 Rf5
23.Qe2 Qf7 24.Nf1 h5 25.h3 g5 26.g4 hxg4 27.hxg4 Rf6 28.Nxg5 Qg6 29.Nh3 Ng7
30.Bg5 Rf7 31.Rc1 Rxc1 32.Bxc1 e5 33.Nh2 e4 34.Rc3 Ne6 35.Rc6 Kh7 36.Qe3 Rf6
37.Rxe6 Rxe6 38.Nf4 Bg5 39.Nxg6 Bxe3 40.Bxe3 Kxg6 41.Bd2 Rc6 42.Bc3 Nf6 43.Kg2 b5
44.Bxa5 Rc2  0-1

[Event "18th Fajr Open"]
[Site "Mashhad IRI"]
[Date "2010.02.25"]
[Round "9"]
[White "Grabliauskas,V"]
[Black "Idani,P"]
[Result "1-0"]
[WhiteElo "2422"]
[BlackElo "2227"]

1.d4 Nf6 2.c4 e6 3.Nf3 d5 4.g3 Be7 5.Bg2 O-O 6.O-O dxc4 7.Nc3 a6 8.Ne5 c5
9.dxc5 Qc7 10.Nxc4 Bxc5 11.Bf4 Bxf2+ 12.Rxf2 Qxc4 13.Bd6 Rd8 14.Rf4 Qxf4
15.gxf4 Ne8 16.Ne4 f5 17.Qb3 Nc6 18.Bc5 fxe4 19.Bxe4 Nf6 20.Bxc6 bxc6 21.Be7 Rd5
22.Bxf6 gxf6 23.Kf2  1-0

[Event "ch-IND National Teams"]
[Site "Gurgaon IND"]
[Date "2010.02.26"]
[Round "8"]
[White "Arun Prasad,S"]
[Black "Singh,PK"]
[Result "1-0"]
[WhiteElo "2567"]
[BlackElo "2179"]

1.d4 d5 2.Nf3 Nf6 3.c4 e6 4.g3 Be7 5.Bg2 O-O 6.O-O b6 7.Ne5 Bb7 8.Qa4 Nfd7
9.Rd1 c6 10.Nxd7 Nxd7 11.e4 a6 12.exd5 exd5 13.cxd5 cxd5 14.Qb3 Nf6 15.Nc3 Rc8
16.Na4 b5 17.Be3 Ne4 18.Rac1 f5 19.Nc5 Bxc5 20.dxc5 Qe7 21.Re1 Kh8 22.f3 Nf6
23.Bd4 Qd7 24.Qd3 f4 25.g4 Kg8 26.Re5 b4 27.Rce1 Rce8 28.g5 Rxe5 29.Rxe5 Nh5
30.Qf1 Re8 31.Bh3 Qf7 32.Qe2 Kf8 33.Be6 Qg6 34.c6  1-0

[Event "18th Fajr Open"]
[Site "Mashhad IRI"]
[Date "2010.02.27"]
[Round "11"]
[White "Marfavi,J"]
[Black "Idani,P"]
[Result "0-1"]
[WhiteElo "2100"]
[BlackElo "2227"]

1.d4 Nf6 2.c4 e6 3.g3 d5 4.Bg2 Be7 5.Nf3 O-O 6.O-O dxc4 7.Qa4 a6 8.Qxc4 b5
9.Qc2 Bb7 10.a3 Nc6 11.Rd1 Ra7 12.Nc3 Qa8 13.b4 Nb8 14.Bg5 Nbd7 15.e4 h6
16.Bxf6 Bxf6 17.Ne1 Nb6 18.f4 Rd8 19.Qf2 Na4 20.Nxa4 bxa4 21.Qe3 c6 22.Rab1 a5
23.b5 cxb5 24.Rxb5 Bc6 25.Rc5 Be7 26.Rc3 Rad7 27.Rdc1 Bb7 28.Rc7 Qb8 29.Qc3 Rxc7
30.Qxc7 Bxa3 31.Qxb8 Rxb8 32.Ra1 Bb4 33.Nd3 a3 34.Kf2 Ba6 35.Ke3 Bc4 36.Ne5 Bb3
37.Nc6 Rc8 38.d5 exd5 39.exd5 a2 40.Kd4 Kf8 41.Bf1 Ba3 42.Bc4 Bb2+  0-1

[Event "48th XtraCon TCh-DEN 2009-10"]
[Site "Denmark DEN"]
[Date "2010.03.01"]
[Round "4"]
[White "Jacobsen,Bo"]
[Black "Hove,E"]
[Result "0-1"]
[WhiteElo "2306"]
[BlackElo "2269"]

1.c4 Nf6 2.g3 e6 3.Bg2 d5 4.Nf3 Be7 5.d4 O-O 6.Qc2 b6 7.Nbd2 Bb7 8.O-O Nbd7
9.Rd1 c5 10.cxd5 Nxd5 11.Ne4 cxd4 12.Rxd4 Rc8 13.Qd1 N7f6 14.Neg5 Bc5 15.Rd3 Qe8
16.a3 h6 17.e4 hxg5 18.exd5 Ne4 19.Nxg5 Nxf2 20.Qh5 Ne4+ 21.Kh1 Nxg5 22.Bxg5 Bxd5
23.Bxd5 exd5 24.b4 Qe5 25.Rad1 Be7 26.Rxd5 Qe4+ 27.Kg1 Rc2 28.R1d2 Rxd2 29.Bxd2 Bf6
30.Qf5 Bd4+ 31.Kf1 Qh1+ 32.Ke2 g6 33.Qd7 Bg7 34.Be1 Qe4+ 35.Kf1 Re8 36.Bf2 Qh1+
37.Bg1 Qf3+ 38.Bf2 Re2 39.Qd8+ Bf8  0-1

[Event "Reykjavik Open"]
[Site "Reykjavik ISL"]
[Date "2010.03.01"]
[Round "7"]
[White "Romanishin,O"]
[Black "Kjartansson,G"]
[Result "1/2-1/2"]
[WhiteElo "2512"]
[BlackElo "2391"]

1.Nf3 Nf6 2.c4 e6 3.g3 d5 4.d4 Be7 5.Bg2 O-O 6.O-O dxc4 7.Qc2 a6 8.a4 Bd7
9.Qxc4 Bc6 10.Bg5 Bd5 11.Qd3 Be4 12.Qe3 Nbd7 13.Nc3 Bc6 14.Qd3 Bb4 15.Rfd1 h6
16.Bf4 a5 17.Nb5 Be4 18.Qb3 Nd5 19.Bd2 Bxd2 20.Rxd2 Qe7 21.Nc3 Nxc3 22.bxc3 Ra6
23.Ne1 Rb6 24.Qa2 Bxg2 25.Nxg2 Rc6 26.Qb3 e5 27.Ne3 exd4 28.cxd4 Nb6 29.d5 Rd6
30.Qc3 Qd7 31.Qxa5 Ra8 32.Qc5 Nxa4 33.Qc2 b5 34.Nf5 Rb6 35.e4 Re8 36.Kg2 c5
37.Qd3 g6 38.Ne3 c4 39.Qd4 c3 40.Re2 Reb8 41.e5 b4 42.Ng4 h5 43.Nf6+ Rxf6
44.exf6 b3 45.Qf4 Qd8 46.Rae1 Kh7 47.Qxa4 Qxd5+ 48.f3 b2 49.Qc2 Qd4 50.h4 Qxf6
51.Re3 Qb6 52.Rxc3 b1=Q  1/2-1/2

[Event "48th XtraCon TCh-DEN 2009-10"]
[Site "Denmark DEN"]
[Date "2010.03.03"]
[Round "8"]
[White "Andreasen,P"]
[Black "Hagen,Andr"]
[Result "1/2-1/2"]
[WhiteElo "2230"]
[BlackElo "2331"]

1.Nf3 Nf6 2.c4 e6 3.g3 d5 4.d4 Be7 5.Bg2 O-O 6.O-O dxc4 7.Qa4 a6 8.Qxc4 b5
9.Qc2 Bb7 10.Bg5 Nbd7 11.Bxf6 Nxf6 12.Nbd2 c5 13.dxc5  1/2-1/2

[Event "48th XtraCon TCh-DEN 2009-10"]
[Site "Denmark DEN"]
[Date "2010.03.03"]
[Round "9"]
[White "Rasmussen,A"]
[Black "Antonsen,M"]
[Result "0-1"]
[WhiteElo "2534"]
[BlackElo "2439"]

1.d4 Nf6 2.c4 e6 3.g3 d5 4.Nf3 Be7 5.Bg2 O-O 6.O-O dxc4 7.Qc2 a6 8.a4 Bd7
9.Qxc4 Bc6 10.Bf4 a5 11.Nc3 Na6 12.Ne5 Bxg2 13.Kxg2 c6 14.e4 Qb6 15.Be3 Nb4
16.Rac1 Qa6 17.Qb3 Rfd8 18.Rfd1 Rac8 19.f3 h6 20.Bf2 Ne8 21.h4 Nd6 22.Rd2 h5
23.Ne2 Bf6 24.Nf4 c5 25.Nxh5 Nxe4 26.Nxf6+ Nxf6 27.Qd1 Rd5 28.Nd3 Nxd3 29.Rxd3 Rcd8
30.Qb3 cxd4 31.Rc7 e5 32.Rxb7 Qe6 33.Rb6 Qf5 34.g4 Qh7 35.Rb8 Qg6 36.Bg3 e4
37.h5 exf3+ 38.Rxf3 Qxg4 39.h6 d3 40.hxg7 Qe4 41.Rxd8+ Rxd8 42.Qb6 Qd5 43.Bc7 Re8
44.Qxf6 d2 45.Qh6 Qxf3+ 46.Kxf3 d1=Q+ 47.Kg3 Qg1+ 48.Kf3 Qd1+ 49.Kg3 Qd3+
50.Kh4 Qd4+ 51.Kh3 Qe3+ 52.Qxe3 Rxe3+ 53.Kg4 Re4+ 54.Kf5 Rxa4 55.Be5 Rb4
56.Bf6 a4 57.Kg5 Re4 58.Kf5 Re2 59.Kg5 Rg2+ 60.Kf4 Rxg7  0-1

[Event "Reykjavik Open"]
[Site "Reykjavik ISL"]
[Date "2010.03.03"]
[Round "9"]
[White "Hillarp Persson,T"]
[Black "Kjartansson,G"]
[Result "0-1"]
[WhiteElo "2581"]
[BlackElo "2391"]

1.d4 Nf6 2.c4 e6 3.g3 d5 4.Nf3 Be7 5.Bg2 O-O 6.O-O dxc4 7.Qc2 a6 8.Qxc4 b5
9.Qc2 Bb7 10.Bd2 Be4 11.Qc1 Bb7 12.a3 Qc8 13.b4 Nbd7 14.Rd1 Bd6 15.Bc3 Ne4
16.Nbd2 Nxd2 17.Nxd2 Bxg2 18.Kxg2 Qb7+ 19.f3 f5 20.Nb3 Rae8 21.Nc5 Qc6 22.Nxd7 Qxd7
23.Qc2 f4 24.Qe4 Qe7 25.Rac1 fxg3 26.hxg3 Qg5 27.Be1 Rf6 28.e3 Ref8 29.f4 Qd5
30.Qxd5 exd5 31.Rc6 Ra8 32.Kf3 Kf7 33.Ra1 Ke7 34.a4 Rff8 35.Rc2 Kd7 36.Rca2 Rab8
37.Rh2 h6 38.Rh5 c6 39.g4 bxa4 40.Rxa4 Rb6 41.g5 hxg5 42.Rxg5 Rf7 43.Rg6 Be7
44.Ra2 Bf6 45.Rh2 Rb8 46.Rh7 Re7 47.Bd2 Rbe8 48.Rg1 Kc7 49.Rgh1 Kb6 50.R7h3 Kb5
51.Rc1 Rf7 52.Rc5+ Kb6 53.Kg4 Be7 54.Ra5 Bd6 55.Rh1 Rfe7 56.Rha1 Ra7 57.Rh1 Rae7
58.Rc1 Rh8 59.Rxa6+ Kxa6 60.Rxc6+ Kb5 61.Rxd6 Kc4 62.b5 Kd3 63.Bc1 Ke2 64.f5 Rh1
65.Ba3 Rg1+ 66.Kh3 Kf3 67.Kh4 Re4+ 68.Kh5 Reg4  0-1

[Event "81st ch-GER"]
[Site "Bad Liebenzell GER"]
[Date "2010.03.05"]
[Round "1"]
[White "Schulze,U"]
[Black "Baramidze,D"]
[Result "1/2-1/2"]
[WhiteElo "2320"]
[BlackElo "2528"]

1.c4 Nf6 2.d4 d5 3.Nf3 e6 4.g3 Be7 5.Bg2 O-O 6.O-O dxc4 7.Ne5 c5 8.dxc5 Qc7
9.Nxc4 Qxc5 10.b3 Rd8 11.Nbd2 Nc6 12.Bb2 Bd7 13.Ba3 Qh5 14.Bxe7 Nxe7 15.e3 Bc6
16.Qxh5 Nxh5 17.Rfd1 Bxg2 18.Kxg2 Nf6 19.Nf3 Nc6 20.Rac1 Rxd1 21.Rxd1 Kf8
22.Nfe5 Nxe5 23.Nxe5 Ke7 24.Rc1 Rd8 25.Rc2 Ne8 26.Kf3 f6 27.Nc4 Rc8 28.Ke2 Nd6
29.Kd3 Rc5 30.Nxd6 Kxd6 31.Rxc5 Kxc5 32.Kc3 g5 33.g4 f5 34.h3 b5 35.b4+ Kd5
36.f3 Ke5 37.Kd3 Kd5 38.Kc3 Ke5  1/2-1/2

[Event "3rd Inv FIDE MN"]
[Site "Saint Paul USA"]
[Date "2010.03.07"]
[Round "8"]
[White "Wasiluk,K"]
[Black "Karagianis,P"]
[Result "1/2-1/2"]
[WhiteElo "2214"]
[BlackElo "2203"]

1.d4 d5 2.c4 e6 3.Nf3 Nf6 4.g3 Be7 5.Bg2 O-O 6.O-O dxc4 7.Qc2 a6 8.a4 c5
9.dxc5 Bxc5 10.Qxc4 Qe7 11.Bg5 Nbd7 12.Nc3 h6 13.Bd2 Nb6 14.Qh4 Nfd5  1/2-1/2

[Event "26th ChessOrg Schachfestival"]
[Site "Bad Woerishofen GER"]
[Date "2010.03.08"]
[Round "3"]
[White "Teske,H"]
[Black "Oud,N"]
[Result "1-0"]
[WhiteElo "2553"]
[BlackElo "2046"]

1.d4 d5 2.c4 e6 3.Nf3 Nf6 4.g3 Be7 5.Bg2 O-O 6.O-O dxc4 7.Ne5 c5 8.dxc5 Bxc5
9.Nxc4 Qe7 10.Nc3 Nc6 11.Bxc6 bxc6 12.Bg5 e5 13.Ne4 Bh3 14.Qc1 Bf5 15.Nxc5 Qxc5
16.Ne3 Qxc1 17.Rfxc1 Be4 18.Nc4 Nd7 19.Nd6 Bd5 20.e4 Be6 21.Rxc6 Rfb8 22.b3 Rb6
23.Rac1 h6 24.Bd2 Rxc6 25.Rxc6 a6 26.f4 exf4 27.gxf4 g6 28.Kf2 h5 29.Bc3 Kf8
30.Ke3 Ke7 31.Nc8+ Ke8 32.Nd6+ Ke7 33.Nb7 Ke8 34.Rc7 Bg4 35.b4 Be6 36.a4 Bb3
37.Rxd7 Rc8 38.Rd3  1-0

[Event "26th ChessOrg Schachfestival"]
[Site "Bad Woerishofen GER"]
[Date "2010.03.09"]
[Round "4"]
[White "Arnaudov,P"]
[Black "Wittfoth,KU"]
[Result "1-0"]
[WhiteElo "2216"]
[BlackElo "2150"]

1.d4 d5 2.Nf3 e6 3.c4 Nf6 4.g3 Be7 5.Bg2 O-O 6.O-O dxc4 7.Qc2 a6 8.a4 Bd7
9.Rd1 Bc6 10.Nc3 a5 11.e4 Na6 12.Ne5 Nb4 13.Qe2 Nd3 14.Nxd3 cxd3 15.Rxd3 h6
16.g4 Nh7 17.f4 f5 18.gxf5 exf5 19.e5 Bxg2 20.Qxg2 c6 21.d5 Bc5+ 22.Kh1 cxd5
23.Nxd5 Kh8 24.b3 Qh4 25.Bb2 Qf2 26.Qxf2 Bxf2 27.Ne7 Rfd8 28.Rad1 Rxd3 29.Rxd3 Bc5
30.Nxf5 Rf8 31.Nh4 Kg8 32.Ng6  1-0

[Event "26th ChessOrg Schachfestival"]
[Site "Bad Woerishofen GER"]
[Date "2010.03.10"]
[Round "5"]
[White "Vandrey,W"]
[Black "Zude,A"]
[Result "1/2-1/2"]
[WhiteElo "2295"]
[BlackElo "2455"]

1.d4 Nf6 2.Nf3 e6 3.g3 d5 4.c4 Be7 5.Bg2 O-O 6.O-O dxc4 7.Ne5 Nc6 8.Bxc6 bxc6
9.Nxc6 Qe8 10.Nxe7+ Qxe7 11.Qa4 e5 12.dxe5 Qxe5 13.Qxc4 Be6 14.Qd3 Rad8 15.Qe3 Qa5
16.Nc3 Bh3 17.Re1 Rfe8 18.Qg5 Rxe2 19.Be3 Rxe1+ 20.Rxe1 Qb4 21.Qb5 Qg4 22.Qe2 Qxe2
23.Nxe2  1/2-1/2

[Event "26th ChessOrg Schachfestival"]
[Site "Bad Woerishofen GER"]
[Date "2010.03.10"]
[Round "5"]
[White "Partenheimer,A"]
[Black "Goris Schouwstra,A"]
[Result "1-0"]
[WhiteElo "2184"]
[BlackElo "1929"]

1.c4 e6 2.Nf3 d5 3.d4 Be7 4.g3 Nf6 5.Bg2 O-O 6.O-O c6 7.Qc2 Nbd7 8.Nbd2 h6
9.e4 dxe4 10.Nxe4 Nxe4 11.Qxe4 Nf6 12.Qc2 Bd7 13.b3 Rc8 14.Rd1 b6 15.Bb2 Qc7
16.Qe2 Rce8 17.Ne5 Bd6 18.Rd2 c5 19.Rad1 cxd4 20.Nxd7 Qxd7 21.Rxd4 Nd5 22.cxd5 exd5
23.Qd2 Bc5 24.Bxd5 Bxd4 25.Qxd4  1-0

[Event "XIV Vasconcellos Mem"]
[Site "Brasilia BRA"]
[Date "2010.03.12"]
[Round "6"]
[White "Valle,A"]
[Black "Aguiar,L"]
[Result "1-0"]
[WhiteElo "2290"]
[BlackElo "2059"]

1.d4 Nf6 2.Nf3 d5 3.c4 e6 4.g3 Be7 5.Bg2 O-O 6.O-O dxc4 7.Qc2 a6 8.Qxc4 b5
9.Qc2 Bb7 10.Bd2 Be4 11.Qc1 Bb7 12.Bf4 Bd6 13.Nbd2 Bxf4 14.gxf4 Qd6 15.Nb3 Nbd7
16.Ne5 Bxg2 17.Kxg2 Rac8 18.Rd1 c5 19.dxc5 Qc7 20.Nd3 a5 21.f3 a4 22.Nd4 Nxc5
23.Nxc5 Qxc5 24.Qxc5 Rxc5 25.Rac1 Rh5 26.e4 g6 27.Rc7 Rd8 28.Nxe6 Re8 29.Ng5 Rf8
30.e5 Ne8 31.Rb7 h6 32.Ne4 Rf5 33.Kg3 g5 34.fxg5 hxg5 35.Re7 Kh7 36.Rd8  1-0

[Event "26th ChessOrg Schachfestival"]
[Site "Bad Woerishofen GER"]
[Date "2010.03.14"]
[Round "9"]
[White "Rusev,K"]
[Black "Rozentalis,E"]
[Result "1/2-1/2"]
[WhiteElo "2543"]
[BlackElo "2628"]

1.d4 Nf6 2.Nf3 e6 3.g3 d5 4.c4 Be7 5.Bg2 O-O 6.O-O dxc4 7.Qc2 a6 8.a4 Bd7
9.Ne5 Bc6 10.Nxc6 Nxc6 11.e3 Na5 12.Nd2 c6  1/2-1/2

[Event "XIV Vasconcellos Mem"]
[Site "Brasilia BRA"]
[Date "2010.03.14"]
[Round "8"]
[White "Hobaica,J"]
[Black "Aguiar,L"]
[Result "1-0"]
[WhiteElo "2405"]
[BlackElo "2059"]

1.d4 Nf6 2.c4 e6 3.g3 d5 4.Nf3 Be7 5.Bg2 O-O 6.O-O c6 7.Qc2 Nbd7 8.Nbd2 b6
9.e4 Bb7 10.Rd1 Rc8 11.b3 c5 12.exd5 exd5 13.Bb2 dxc4 14.Nxc4 Bxf3 15.Bxf3 b5
16.Ne5 cxd4 17.Nc6 Ne5 18.Nxe7+ Qxe7 19.Qe2 Rc2 20.Qxc2 Nxf3+ 21.Kh1 Qb7
22.Rdc1 Qd5 23.Qc6 Qh5 24.Kg2 Nd5 25.h3 Rd8 26.Rc5 h6 27.Qc7 Re8 28.Qd7 Nh4+
29.gxh4 Nf4+ 30.Kg3  1-0

[Event "ch-Moscow KO"]
[Site "Moscow RUS"]
[Date "2010.03.27"]
[Round "2.2"]
[White "Dobrov,V"]
[Black "Rychagov,A"]
[Result "1/2-1/2"]
[WhiteElo "2510"]
[BlackElo "2551"]

1.Nf3 d5 2.d4 Nf6 3.c4 e6 4.g3 Be7 5.Bg2 O-O 6.O-O dxc4 7.Qc2 a6 8.Qxc4 b5
9.Qc2 Bb7 10.Bd2 Be4 11.Qc1 Bb7 12.Bf4 Nd5 13.Nc3 Nxf4 14.Qxf4 Bd6 15.Qe3 Qe7
16.Ne5 Bxg2 17.Kxg2 c5 18.dxc5 Bxc5 19.Qf3 Ra7 20.Rfd1 Qf6 21.Qxf6 gxf6 22.Nf3 Rc7
23.a4 bxa4 24.Rxa4 Rfc8 25.Rda1 Be7 26.g4 Rb7 27.R1a2 Kg7 28.Ne4 h5 29.Ng3 hxg4
30.Rxg4+ Kf8 31.Rh4 Kg8 32.Rg4+ Kf8 33.e4 Rc4 34.b3 Rxb3 35.Nd2 f5 36.Nxc4 fxg4
37.Ne5 Rb5 38.Nxg4 a5 39.f4 Nd7 40.f5 Nf6 41.Nxf6 Bxf6 42.Kf3 Be5 43.Nf1 exf5
44.exf5 Kg7 45.Ne3 Bd4 46.Nc4 Rxf5+ 47.Ke4 Rf2 48.Rxa5 Bf6 49.Rh5 Kg6 50.Rh3 Re2+
51.Kf3 Ra2 52.Rg3+ Kh7 53.Ne3 Rxh2 54.Ng4 Bh4 55.Rg1 Rh3+ 56.Kf4 Be7  1/2-1/2

[Event "TOP 16 GpA"]
[Site "Vandoeuvre FRA"]
[Date "2010.03.28"]
[Round "3"]
[White "Landa,K"]
[Black "Bellaiche,A"]
[Result "1-0"]
[WhiteElo "2635"]
[BlackElo "2443"]

1.Nf3 Nf6 2.c4 e6 3.g3 d5 4.d4 Be7 5.Bg2 O-O 6.O-O dxc4 7.Qc2 a6 8.a4 Bd7
9.Qxc4 Bc6 10.Bf4 a5 11.Nc3 Na6 12.Rac1 Nb4 13.Ne5 Bxg2 14.Kxg2 Nfd5 15.Nxd5 Qxd5+
16.Qxd5 Nxd5 17.Bd2 c6 18.Nc4 Nb4 19.b3 Rfd8 20.e3 f6 21.Rfd1 Kf7 22.g4 Ra6
23.Be1 Rda8 24.Kf3 Na2 25.Rb1 Nb4 26.Bd2 Rd8 27.Ke2 Rd5 28.h3 h5 29.Rg1 hxg4
30.hxg4 b5 31.Nb2 e5 32.dxe5 Rxe5 33.Rbc1 Re6 34.Rgd1 Ra8 35.Bxb4 axb4 36.Rd7 Rd8
37.Rc7 bxa4 38.Nxa4 Red6 39.Rc2 Rd3 40.Nc5 Rc3 41.Rxc3 bxc3 42.Ne4 Rb8 43.Nd6+ Kf8
44.Nf5 Ba3 45.Rxc6 Rxb3 46.Rc8+ Kf7 47.Rc7+ Kf8 48.Kf3 g6 49.Nd4 Rb6 50.Rxc3 Bd6
51.Rc8+ Kf7 52.Ra8 Rb7 53.Ra6 Rd7 54.Ke4 Re7+ 55.Kd5 Bh2 56.Nf3 Rd7+ 57.Kc4 Bd6
58.Nd4 Be7 59.Rc6 Ra7 60.Kd5 Ra5+ 61.Ke4 Rc5 62.Rxc5 Bxc5 63.Kd5 Bb4 64.e4 Bd2
65.Ne6 g5 66.Kd6 Be1 67.f3 Bg3+ 68.Kd7 Be5 69.Nd8+ Kg6 70.Ke7 Kg7 71.Ne6+ Kg8
72.Nd8 Kg7 73.Nb7 Bc3 74.Nd6 Kg6 75.Ke6 Be5 76.Nf5 Bb2 77.Ne7+ Kg7 78.Nd5 Be5
79.Nb6 Bd4 80.Nd7 Kg6 81.Ke7 Kg7 82.Nb8 Be5 83.Na6 Bc3 84.Nc7 Be5 85.Ne8+ Kg6
86.Kf8 Bf4 87.Kg8 Be5 88.Ng7 Bd6 89.Ne6  1-0

[Event "III Montalvo Mem"]
[Site "Gran Canaria ESP"]
[Date "2010.04.01"]
[Round "5"]
[White "Natalicchio Escalante,N"]
[Black "Almeida Sanchez,C"]
[Result "1/2-1/2"]
[WhiteElo "2257"]
[BlackElo "2002"]

1.Nf3 Nf6 2.c4 e6 3.g3 d5 4.d4 Be7 5.Bg2 O-O 6.O-O Nbd7 7.Nc3 c6 8.Qd3 Re8
9.e4 Nxe4 10.Nxe4 dxe4 11.Qxe4 Bf6 12.Rd1 a5 13.h4 a4 14.Rb1 Qe7 15.h5 e5
16.dxe5 Nxe5 17.Bf4 Nxf3+ 18.Qxf3 Bf5 19.Re1 Qxe1+ 20.Rxe1 Rxe1+ 21.Kh2 Rae8
22.Bd2 R1e5 23.Bc3 Be4 24.Qd1 R5e6 25.Bh3 Rd8 26.Qe2 Bf5 27.Qf3 Bxh3 28.Kxh3 Bxc3  1/2-1/2

[Event "XXXVII Open"]
[Site "La Roda Albacete ESP"]
[Date "2010.04.01"]
[Round "2"]
[White "Cori T.,D"]
[Black "Gomez,Gu"]
[Result "1-0"]
[WhiteElo "2434"]
[BlackElo "2137"]

1.d4 Nf6 2.Nf3 d5 3.c4 e6 4.g3 Be7 5.Bg2 O-O 6.O-O b6 7.cxd5 exd5 8.Nc3 Bb7
9.Bf4 c6 10.Rc1 Re8 11.Qc2 Nbd7 12.Rfd1 Nf8 13.Be5 Ne6 14.Bxf6 Bxf6 15.e4 g6
16.Qa4 b5 17.Qb3 dxe4 18.Nxe4 Bg7 19.Ne5 Rc8 20.Nxf7 Kxf7 21.Nc5 Ba8 22.Re1 Qd6
23.Bh3  1-0

[Event "14th Neckar-Open"]
[Site "Deizisau GER"]
[Date "2010.04.02"]
[Round "2"]
[White "Graf,A"]
[Black "Holm,S"]
[Result "1-0"]
[WhiteElo "2598"]
[BlackElo "2231"]

1.d4 d5 2.c4 e6 3.Nf3 Be7 4.g3 Nf6 5.Bg2 O-O 6.O-O b6 7.cxd5 exd5 8.Nc3 Bb7
9.Bf4 c5 10.Rc1 Nbd7 11.Qc2 a6 12.Rfd1 c4 13.b3 b5 14.bxc4 dxc4 15.d5 Ba3
16.Rb1 Re8 17.e4 Ng4 18.h3 Nge5 19.Nxe5 Nxe5 20.Bxe5 Rxe5 21.f4 Re8 22.e5 Bf8
23.Kh2 f6 24.d6 Bxg2 25.Qxg2 fxe5 26.Qd5+ Kh8 27.d7 Re7 28.Qxa8  1-0

[Event "14th Neckar-Open"]
[Site "Deizisau GER"]
[Date "2010.04.02"]
[Round "2"]
[White "Erdos,V"]
[Black "Wiegner,D"]
[Result "1-0"]
[WhiteElo "2593"]
[BlackElo "2229"]

1.d4 e6 2.Nf3 Nf6 3.c4 d5 4.g3 Be7 5.Bg2 O-O 6.O-O dxc4 7.Qc2 a6 8.a4 Bd7
9.Rd1 Bc6 10.Nc3 Bxf3 11.Bxf3 Nc6 12.Bxc6 bxc6 13.a5 Nd5 14.Na2 Qb8 15.Qxc4 Qb5
16.Qxb5 cxb5 17.e4 Nf6 18.Bg5 c5 19.e5 Nd5 20.Bxe7 Nxe7 21.dxc5 Nd5 22.Rd4 Rfc8
23.b4 Kf8 24.Rad1 Ke8 25.Kf1 Rc7 26.R1d3 Ne7 27.Rg4 Kf8 28.Rd6 Nf5 29.Nc3 Nxd6
30.exd6 Rd7 31.Rd4 Rc8 32.Ne4 f6 33.f4 Kf7 34.Rd3 Rc6 35.Re3 Rc8 36.Kf2 Rc6
37.Ke2 Rc8 38.Kd3 Rc6 39.Kd4 g6 40.g4 Rc8 41.Rh3  1-0

[Event "XXXVII Open"]
[Site "La Roda Albacete ESP"]
[Date "2010.04.02"]
[Round "4"]
[White "Granero Roca,A"]
[Black "Picazo Lopez,Ju"]
[Result "0-1"]
[WhiteElo "2447"]
[BlackElo "2269"]

1.Nf3 e6 2.d4 d5 3.c4 Be7 4.g3 Nf6 5.Bg2 b6 6.Nc3 Bb7 7.Bf4 O-O 8.Ne5 Nbd7
9.O-O c6 10.Qa4 Nxe5 11.dxe5 Nd7 12.h4 Nc5 13.Qc2 dxc4 14.Rfd1 Qc7 15.Ne4 Nxe4
16.Bxe4 h6 17.Qxc4 c5 18.a4 Bxe4 19.Qxe4 Rad8 20.h5 Rxd1+ 21.Rxd1 Rd8 22.Rd3 Rxd3
23.exd3 Qd7 24.b3 Bg5 25.Bxg5 hxg5 26.Qe3 g4 27.Qe4 Qd5 28.Qxg4 Qxd3 29.Kh2 Kh7
30.Kg2 Qd5+ 31.Kg1 Qxe5 32.Qf3 Qf5 33.Qb7 Qxh5 34.Qxa7 Qd1+ 35.Kh2 Qxb3 36.Qxf7 Qxa4
37.Qxe6 Qd4 38.Kg2 c4 39.Qf5+ Kg8 40.Qc8+ Kf7 41.Qc7+ Ke6 42.Qc6+ Kf5 43.f3 Qd2+
44.Kf1 Qd3+ 45.Kf2 Qd4+ 46.Kg2 c3 47.Qb5+ Ke6 48.Qc6+ Kf7 49.g4 Qd2+ 50.Kg3 g5
51.Kh3 c2 52.Qc7+ Ke6 53.Qxb6+ Ke5 54.Qc7+ Kd4 55.Qd8+ Ke3 56.Qxg5+ Ke2 57.Qe5+ Kf2
58.Qc5+ Kf1 59.Qc4+ Kg1 60.Qc5+ Kh1  0-1

[Event "XXXVII Open"]
[Site "La Roda Albacete ESP"]
[Date "2010.04.02"]
[Round "5"]
[White "Aloma Vidal,R"]
[Black "Villasenor Rubio,E"]
[Result "1-0"]
[WhiteElo "2462"]
[BlackElo "2055"]

1.d4 d5 2.c4 e6 3.Nf3 Nf6 4.g3 Be7 5.Bg2 O-O 6.O-O a6 7.Nbd2 b6 8.cxd5 exd5
9.Ne5 Bb7 10.Qc2 Bd6 11.Ndc4 Nc6 12.Nxd6 Qxd6 13.Nxc6 Qxc6 14.Qxc6 Bxc6 15.Bf4 Bb5
16.Rfe1 Rfe8 17.Be5 c5 18.Bxf6 gxf6 19.dxc5 bxc5 20.Bxd5 Rab8 21.e4 Bd7 22.h3 f5
23.Rac1 fxe4 24.Rxc5 Rb4 25.Rc7 Re7 26.Bc6 Rd4 27.Bxd7 Rdxd7 28.Rxd7 Rxd7
29.Rxe4 Rd2 30.Ra4  1-0

[Event "1st LUCOPEN"]
[Site "Lille FRA"]
[Date "2010.04.03"]
[Round "1"]
[White "Bratanov,Z"]
[Black "Vincent,Di"]
[Result "1-0"]
[WhiteElo "2478"]
[BlackElo "2034"]

1.d4 d5 2.Nf3 Nf6 3.c4 e6 4.g3 Be7 5.Bg2 O-O 6.O-O Nbd7 7.Qc2 c6 8.Rd1 Re8
9.h3 Nf8 10.Nc3 h6 11.e4 dxe4 12.Nxe4 Nxe4 13.Qxe4 c5 14.Bd2 Qc7 15.d5 exd5
16.cxd5 Bd7 17.Qe5 Qxe5 18.Nxe5 Bf6 19.f4 Rab8  1-0

[Event "17th TCh-RUS Higher League"]
[Site "Dagomys RUS"]
[Date "2010.04.05"]
[Round "4"]
[White "Yaksin,O"]
[Black "Rychagov,A"]
[Result "1-0"]
[WhiteElo "2400"]
[BlackElo "2562"]

1.d4 d5 2.c4 e6 3.Nf3 Nf6 4.g3 Be7 5.Bg2 O-O 6.O-O dxc4 7.Qc2 a6 8.Qxc4 b5
9.Qc2 Bb7 10.Bg5 Be4 11.Qc1 Nbd7 12.Nbd2 Bd5 13.Nb3 a5 14.Rd1 a4 15.Nc5 Nxc5
16.dxc5 Ne4 17.Bxe7 Qxe7 18.Nd4 c6 19.Bxe4 Bxe4 20.Qf4 f5 21.Qd6 Rfe8 22.Nxc6 Qf6
23.Rac1 Qxb2 24.Ne5 Bd5 25.c6 Rad8 26.Nd7 Qxe2 27.c7 Rc8 28.Nb6 Bb7 29.Nxc8 Rxc8
30.Re1 Qf3 31.Qxe6+ Kf8 32.Qd6+ Kg8 33.Qd8+ Kf7 34.Re7+ Kg6 35.Qd6+ Kh5 36.Qd1  1-0